000 00488nam a2200169 i 4500
001 57317
003 ES-MaACL
005 20230906163543.0
007 t|
008 031015s1973 sp |||| | spa d
100 1 _aDomingo, Francesc.
_945116
245 1 0 _aCómo obtener una cultura en poco tiempo /
_cFrancisco Domingo.
260 _aBarcelona :
_bDe Vecchi,
_c[1973]
300 _a214 p. ;
_c19 cm.
650 4 _aCultura-
_vObras de divulgación.
_9166740
852 _aES-MaACL
_jC-52022
999 _c57317
_d57317